000 00749nam a2200193Ii 4500
003 JO-AjNU
008 230605s9999||||xx |||||||||||||| ||und||
040 _aJO-AjNU
_bara
_erda
_cJO-AjNU
041 _aara
050 1 4 _aHQ 1784 .D3322 1987
100 3 _aتأليف: الظاهر، احمد جمال,
_eauthor
_949218
245 0 0 _aالمرأة العربية : مع دراسة ميدانية للمرأة في الاردن
264 3 1 _aاربد: دار الكندي، 1987
300 _a226ص
_bبحتوي على ببلوغرافية من ص 221-226ص
336 _atext
_btxt
_2rdacontent
337 _aunmediated
_bn
_2rdamedia
338 _avolume
_bnc
_2rdacarrier
650 4 _aالمرأة - العالم العربي - الاردن
_949219
999 _aA21604
_c25172
_d25172